Zákon o ochrane o osobných údajov zákon s komentárom

Bibliographic Details
Main Author: Stankoviansky, Ľuboš (Author)
Format: Article
Language:Slovak
ISSN:1335-1583
Subjects:

MARC

LEADER 00000nab a2200000 a 4500
001 vtls000816274
003 SK-MaSNL
005 20260305015711.0
008 180206c2003 xo 0 slo
015 |a SNBRB2002/12-41129 
035 |a CLN000167929 
040 |a SNKBUCL  |b slo  |c SNKBUCL  |e AACR2 
041 0 |a slo 
044 |a xo  |c SK 
080 |a 347.18(437.6)  |2 UDC-MRF-SK2 
100 1 |a Stankoviansky, Ľuboš  |4 aut  |9 728600 
245 1 0 |a Zákon o ochrane o osobných údajov  |b zákon s komentárom  |c Ľuboš Stankoviansky 
610 1 7 |a Slovensko.  |b Úrad na ochranu osobných údajov  |2 snkbucl  |9 188064 
650 0 7 |a údaje osobné  |x ochrana právna  |2 snkbucl  |9 840721 
655 7 |a články z novín a časopisov  |2 snkbucl  |9 267496 
773 0 |x 1335-1583  |t Poradca  |g Č. 2 (2003), s. 83-162 
850 |a Slovenská národná knižnica v Martine 
852 |a SNK  |b KIS3GCP 
958 |a RBX 
999 |c 3276621  |d 3278551